000 00514nam a22001697a 4500
005 20231115094845.0
008 231115b |||||||| |||| 00| 0 eng d
020 _a0409037540
041 _aEnglish
082 _a344.4 KRU
100 _aKruger, A
_lEnglish
245 _aMental Health Law in South Africa /
_cA Kruger
260 _aDurban :
_bButterworth Publishers (Pty) Ltd,
_c1980
300 _bxi, 264 pages ;
_c23 cm.
650 _aLegal practice
_bLaw
942 _cBK
_6ALISON_BN_VRIES
999 _c663
_d663